| 000 | 01049nam a2200277Ia 4500 | ||
|---|---|---|---|
| 001 | Para_10124 | ||
| 003 | CHAP | ||
| 008 | 220125sSept xx 000 0 und d | ||
| 010 | _a208816 | ||
| 040 | _cCHAP | ||
| 090 | _aPA CD - TESIS 202 | ||
| 100 |
_aAlatorre Morales, Gabriel _93393 |
||
| 245 |
_aEvaluación de la campaña fitosanitaria contra la cochinilla rosada del hibisco Maconelicoccus hirsutus, Green (Hemiptera : _b Pseudococcidae) en el estado de Nayarit / _c Gabriel Alatorre Morales; Director Dimas Mejía Sánchez |
||
| 260 |
_aChapingo, Méx. : _b el autor |
||
| 300 | _a1 CDS ROM (100 p.) | ||
| 502 | _aTesis (Ing. Agr. Esp. en Parasitología Agrícola). UACh. Departamento Parasitología Agrícola | ||
| 700 |
_aMejía Sánchez, Dimas. Director _9175096 |
||
| 710 |
_aUACh. Departamento Parasitología Agrícola _9164025 |
||
| 901 | _aPA CD - TESIS 202 | ||
| 902 | _aM | ||
| 905 | _a513220Septiembre,2012 abmn8100000000 06 | ||
| 910 | _aSept | ||
| 942 | _cPARA | ||
| 942 |
_cPARA _d2 |
||
| 999 |
_c208816 _d208816 |
||